<?xml version="1.0" encoding="UTF-8"?>
<marc:record xmlns:marc="http://www.loc.gov/MARC21/slim">
   <marc:leader>00000nam a2200000 a 4500</marc:leader>
   <marc:datafield ind1="1" ind2=" " tag="100">
      <marc:subfield code="a">Burri-Bayer, Hildegard</marc:subfield>
      <marc:subfield code="4">aut</marc:subfield>
      <marc:subfield code="e">Verfasser/-in</marc:subfield>
   </marc:datafield>
   <marc:datafield ind1=" " ind2=" " tag="653">
      <marc:subfield code="a">Maria</marc:subfield>
   </marc:datafield>
   <marc:datafield ind1=" " ind2=" " tag="653">
      <marc:subfield code="a">Erzählungen</marc:subfield>
   </marc:datafield>
   <marc:datafield ind1=" " ind2=" " tag="653">
      <marc:subfield code="a">Fiktionale Darstellung</marc:subfield>
   </marc:datafield>
   <marc:datafield ind1=" " ind2=" " tag="653">
      <marc:subfield code="a">Belletristische Darstellung</marc:subfield>
   </marc:datafield>
   <marc:datafield ind1="0" ind2="0" tag="245">
      <marc:subfield code="a">Die Thronfolgerin</marc:subfield>
   </marc:datafield>
   <marc:datafield ind1="0" ind2="0" tag="245">
      <marc:subfield code="b">historischer Roman</marc:subfield>
   </marc:datafield>
   <marc:datafield ind1="0" ind2="0" tag="245">
      <marc:subfield code="c">Hildegard Burri-Bayer</marc:subfield>
   </marc:datafield>
   <marc:datafield ind1=" " ind2="1" tag="264">
      <marc:subfield code="a">Köln</marc:subfield>
      <marc:subfield code="b">Fredebold und Fischer</marc:subfield>
      <marc:subfield code="c">2008</marc:subfield>
   </marc:datafield>
   <marc:datafield ind1=" " ind2=" " tag="250">
      <marc:subfield code="a">1. Aufl.</marc:subfield>
   </marc:datafield>
   <marc:datafield ind1="1" ind2=" " tag="520">
      <marc:subfield code="a">Angaben aus der Verlagsmeldung

Die Thronfolgerin / von Hildegard Burri-Bayer

Gent 1472: Maria, die fünfzehnjährige Tochter Karls des Kühnen und einzige Erbin des Herzogtums von Burgund, wächst wohlbehütet und von den Menschen ihrer Umgebung geliebt und verehrt, im Schloss ihres Vaters auf.

Die Bewerber um ihre Hand kommen und gehen, aber Maria will sich einer Ehe aus politischen Gründen nicht fügen. Das ändert sich jedoch, als ihr Vater eine Verlobung mit Maximilian, dem Sohn Kaiser Friedrich III. in Erwägung zieht. Die beiden verlieben sich ineinander, tauschen glühende Liebesbriefe aus und wollen so schnell wie möglich heiraten.

Doch dann stirbt Karl der Kühne unerwartet auf dem Schlachtfeld und Maria muss nicht nur das schwere Erbe ihres Vaters antreten, sondern auch um ihre Liebe kämpfen. Denn ihren politischen Gegnern ist jedes Mittel recht, um die bevorstehende Hochzeit mit Maximilian zu hintertreiben und die junge Herzogin und damit Burgund doch noch in ihre Gewalt zu bringen.
</marc:subfield>
   </marc:datafield>
   <marc:datafield ind1=" " ind2=" " tag="020">
      <marc:subfield code="a">9783939674153</marc:subfield>
      <marc:subfield code="9">9783939674153</marc:subfield>
   </marc:datafield>
   <marc:datafield ind1=" " ind2=" " tag="041">
      <marc:subfield code="a">ger</marc:subfield>
   </marc:datafield>
   <marc:datafield ind1=" " ind2=" " tag="300">
      <marc:subfield code="a">524 S.</marc:subfield>
   </marc:datafield>
</marc:record>
